A carregar...

Gurusaagaram : novel

Detalhes bibliográficos
Autor principal: Vijayan,O V
Formato: Printed Book
Idioma:Undetermined
Publicado em: Kottyam D.C Books 1998
LEADER 00491nam a2200157Ia 4500
008 140316s9999 xx 000 0 und d
020 |a 8171300022 
082 |a 814  |b VIJ/GU 
100 |a Vijayan,O V 
245 |a Gurusaagaram : novel 
260 |a Kottyam  |b D.C Books  |c 1998 
300 |a 171 
650
942 |2 ddc  |c BK 
999 |c 4386  |d 4386 
952 |0 0  |1 0  |2 ddc  |4 0  |6 814_000000000000000_VIJGU  |7 0  |9 5317  |a KAUCLV  |b KAUCLV  |c GENERAL  |d 2014-03-18  |l 9  |o 814 VIJ/GU  |p 210028  |r 2020-01-04  |s 2020-01-04  |w 2014-03-18  |y BK